Environmentálne aspekty trhu domácich elektrických spotrebičov bakalárska práca

Guardado en:
Detalles Bibliográficos
Autor principal: Pápay, Juraj
Autor Corporativo: Obchodná fakulta EU. Katedra medzinárodného obchodu
Otros Autores: Knošková, Ľubica, 1965-
Formato: Libro
Lenguaje:eslovaco
Publicado: Bratislava 2009
Etiquetas: Agregar Etiqueta
Sin Etiquetas, Sea el primero en etiquetar este registro!

MARC

LEADER 00000nam$a2200000$$$4500
001 0103673
005 20240318133630.7
041 0 |a slo 
044 |a SK 
245 1 0 |a Environmentálne aspekty trhu domácich elektrických spotrebičov  |b bakalárska práca  |c Juraj Pápay ; škol. Ľubica Knošková 
264 1 |a Bratislava  |c 2009 
300 |a 50 s. 
100 1 |a Pápay, Juraj 
700 1 |a Knošková, Ľubica, 1965- 
710 2 |a Obchodná fakulta EU. Katedra medzinárodného obchodu